At the meetings of the Smithfeld Club held at the Freemason's Tavern, December 19 and 20, 1808, His Grace the Duke of Bedford, president in the chair.

Bibliographic Details
Corporate Author: Smithfield Club
Format: eBook
Language:English
Published: [England] : [publisher not identified], [1808]
Edition:Another ed.
Series:Making of the modern world (Goldsmiths'-Kress Library of Economic Literature)
Subjects:
Online Access:Connect to the full text of this electronic book

MARC

Tag First Indicator Second Indicator Subfields
LEADER 00000cam a2200000Ia 4500
001 in00002261521
005 20190326184238.0
006 m | d |
007 cr |n||||||||n
008 870327s1808 enkk s 000 0 eng d
040 |a NYG  |c GKR  |d OCL  |d Thomson Gale  |d UtOrBLW 
043 |a e-uk-en 
110 2 |a Smithfield Club. 
245 1 0 |a At the meetings of the Smithfeld Club held at the Freemason's Tavern, December 19 and 20, 1808, His Grace the Duke of Bedford, president in the chair. 
250 |a Another ed. 
264 1 |a [England] :  |b [publisher not identified],  |c [1808] 
264 3 |a [London] :  |b [G. Davidson] 
300 |a 2 sheets :  |b form. 
336 |a text  |b txt  |2 rdacontent 
337 |a computer  |b c  |2 rdamedia 
338 |a online resource  |b cr  |2 rdacarrier 
500 |a Caption title. 
500 |a Concerning premiums for the coming Christmas show, with printed entry form. 
500 |a Reproduction of original from Goldsmiths' Library, University of London. 
500 |a Goldsmiths'-Kress number 19613. 
510 4 |a OCLC,  |c 15376576 
533 |a Electronic reproduction.  |b Farmington Hills, Mich. :  |c Thomson Gale,  |d 2005.  |f (The making of the modern world).  |n Available via the World Wide Web.  |n Access limited to licensing agreements.  |7 s2005 miunns 
500 |a Electronic resource. 
650 0 |a Livestock exhibitions  |x Awards  |z England. 
655 0 |a Electronic books. 
830 0 |a Making of the modern world (Goldsmiths'-Kress Library of Economic Literature) 
856 4 0 |u http://proxy.library.tamu.edu/login?url=http://galenet.galegroup.com/servlet/MOME?af=RN&ae=U103004519&srchtp=a&ste=14&locID=txshracd2898  |z Connect to the full text of this electronic book  |t 0 
999 |a MARS 
999 f f |s 0619adb9-8ec8-3c91-b6de-dda2a5c4b803  |i 435ddc5a-ca59-3e69-adad-bfcdfdb64749  |t 0 
952 f f |a Texas A&M University  |b College Station  |c Electronic Resources  |d Available Online  |t 0  |h No information provided 
998 f f |t 0  |l Available Online